Statistics for First 100 words of The Two Towers

Click here to take the quiz!

General Stats

  • This quiz has been taken 545 times
  • The average score is 50 of 100

Answer Stats

Answer% Correct
a
99%
the
96%
I
92%
'I
92%
to
83%
'Frodo
78%
and
75%
He
75%
he
75%
in
70%
on
69%
go
68%
was
68%
Aragorn
63%
for
61%
there?
56%
there
56%
not
54%
went
54%
what
52%
said
51%
up
49%
see
48%
from
46%
saw
46%
hill.
45%
hill
45%
ran
41%
But
40%
but
40%
are
37%
Hobbits
36%
their
35%
down
33%
by
31%
top
30%
way,
27%
again
26%
again.'
26%
far
26%
light,
25%
now
25%
path,
23%
wonder
23%
Every
22%
himself,
21%
himself.
21%
even
20%
ground.
20%
earth
19%
read
17%
read,
17%
Ranger
16%
same
16%
seat
16%
sped
16%
bent
15%
high
15%
wet
15%
easy
14%
footprints
14%
seeking.
14%
signs
14%
crossed
13%
aright,'
12%
desired
12%
returned
12%
hesitated.
11%
hill-top.
11%
hoping
11%
spring
10%

Score Distribution

Percentile by Number Answered

Percent of People with Each Score

Your Score History

You have not taken this quiz